Before and After: Movies Quiz Stats

 Plays Quiz Updated Jun 26, 2018

Score 0/18 Timer 07:00
0 Plays Today
First Movie Hint Movie Title Combination % Correct
Seth Rogen gets Katherine Heigl pregnant.Knocked Up in the Air
85.1%
A family adopts a mouse as a second son.Stuart Little Miss Sunshine
79.7%
Cameron Diaz, Lucy Liu, and Drew Barrymore kick some ass.Charlie's Angels in the Outfield
75.9%
Three men in their thirties try to re-live their college days by starting a fraternity.Old School of Rock
73.4%
Lindsay Lohan swaps bodies with her mom.Freaky Friday Night Lights
73.2%
Haley Joel Osment sees dead people.The Sixth Sense and Sensibility
66.5%
Julia Roberts falls in love with a man when he proposes to somebody else.My Best Friend's Wedding Crashers
64.1%
President Harrison Ford's plane gets hijacked.Air Force One Flew Over the Cuckoo's Nest
60.1%
A plane full of prison inmates gets hijacked.Con Air Bud
60%
First Movie Hint Movie Title Combination % Correct
Hilary Swank boxes.Million Dollar Baby Geniuses
59.2%
Most of the Northern Hemisphere freezes over in a matter of hours due to global warming.The Day After Tomorrow Never Dies
55.4%
An astronaut crew lands on Mars and gets attacked by insects.Red Planet of the Apes
46.1%
Sean Connery goes rogue in a state-of-the-art Soviet submarine.The Hunt For Red October Sky
46%
Robert De Niro boxes.Raging Bull Durham
45.1%
FBI agent Martin Lawrence wears a fat suit and women's clothing.Big Momma's House of Wax
37.1%
A resistance of teenagers defends America from a Soviet invasion.Red Dawn of the Dead
34.5%
Judge Reinhold fantasizes about a bare-chested Phoebe Cates.Fast Times at Ridgemont High Fidelity
30.2%
A manhunt for a Vietnam War veteran causes an uproar in Washington State.First Blood Diamond
26.3%

You're not logged in!

Compare scores with friends on all Sporcle quizzes.
OR
Log In

Show Comments

Extras

Top Quizzes Today


Score Distribution

Your Account Isn't Verified!

In order to create a playlist on Sporcle, you need to verify the email address you used during registration. Go to your Sporcle Settings to finish the process.

Report this User

Report this user for behavior that violates our Community Guidelines.

Details: